书目信息 |
| 题名: |
基础化学实验
|
|
| 作者: | ;东华大学化学化工学院基础化学实验编写组 编 | |
| 分册: | ||
| 出版信息: | 上海 东华大学出版社 2004.09 |
|
| 页数: | 306页 | |
| 开本: | 26cm | |
| 丛书名: | ||
| 单 册: | ||
| 中图分类: | O6-0 | |
| 科图分类: | ||
| 主题词: | 化学实验--高等学校--教材 | |
| 电子资源: | ||
| ISBN: | 7-81038-698-0 | |
| 000 | 00704nam0 2200205 45 | |
| 001 | 012004000000 | |
| 005 | 20041208150936.05 | |
| 010 | @a7-81038-698-0@dCNY 40.00 | |
| 100 | @a20041110d2004 em y0chiy0121 ea | |
| 101 | 0 | @achi |
| 102 | @aCN@b310000 | |
| 105 | @aak z 000yy | |
| 200 | 1 | @a基础化学实验@Aji chu hua xue shi yan@f东华大学化学化工学院基础化学实验编写组编 |
| 210 | @a上海@c东华大学出版社@d2004.09 | |
| 215 | @a306页@c图, 表格@d26cm | |
| 606 | 0 | @a化学实验@x高等学校@j教材 |
| 690 | @aO6-0@v4 | |
| 711 | 02 | @a东华大学化学化工学院基础化学实验编写组@Adong hua da xue hua xue hua gong xue yuan ji chu hua xue shi yan bian xie zu@4编 |
| 801 | 0 | @aCN@bQSSKxf@c20041208 |
| 905 | @a10447@dO6-0@eD660 | |
| 基础化学实验/东华大学化学化工学院基础化学实验编写组编.-上海:东华大学出版社,2004.09 |
| 306页:图, 表格;26cm |
| ISBN 7-81038-698-0:CNY 40.00 |
| ● |
| 相关链接 |
|
|
|
正题名:基础化学实验
索取号:O6-0/D660
 
预约/预借
| 序号 | 登录号 | 条形码 | 馆藏地/架位号 | 状态 | 备注 |
| 1 | 431733 | 204317337 | 自科库401/401自科库 60排4列3层/ [索取号:O6-0/D660] | 在馆 | |
| 2 | 431734 | 204317346 | 自科库401/401自科库 60排4列3层/ [索取号:O6-0/D660] | 在馆 | |
| 3 | 431735 | 204317355 | 自科库401/401自科库 60排4列3层/ [索取号:O6-0/D660] | 在馆 |